[Event "Sparkassen-Open A"]
[Site "Heusenstamm, Martinsee"]
[Date "2017.11.26"]
[Round "6.70"]
[White "Reinhard, Stefan"]
[Black "Laux, Dominik"]
[Result "0-1"]
[WhiteElo "2064"]
[BlackElo "1888"]
[PlyCount "56"]
[EventDate "2017.??.??"]
[WhiteTeam "SF Dettingen"]
[BlackTeam "VSG Offenbach"]

1. e4 g6 2. d4 Bg7 3. c4 Nc6 4. Be3 e5 5. d5 Nd4 6. Bd3 c5 7. Ne2 d6 8. Nxd4
cxd4 9. Bd2 Ne7 10. Qa4+ Qd7 11. Qa3 O-O 12. f3 b6 13. b3 Bb7 14. Qb2 f5 15. a4
fxe4 16. Bxe4 a6 17. Bc1 Rfb8 18. Qe2 Qc7 19. Nd2 Bh6 20. g4 b5 21. h4 Bf4 22.
a5 bxc4 23. bxc4 Bc8 24. h5 g5 25. Bd3 Nxd5 26. cxd5 Qc3 27. Qe4 Ra7 28. Rb1
Rxb1 0-1

[Event "Sparkassen-Open A"]
[Site "Heusenstamm, Martinsee"]
[Date "2017.11.26"]
[Round "6.71"]
[White "Diehm, Alexander"]
[Black "Büse, Ralf"]
[Result "1/2-1/2"]
[WhiteElo "2039"]
[BlackElo "1881"]
[PlyCount "28"]
[EventDate "2017.??.??"]
[WhiteTeam "SC FK Babenhausen"]
[BlackTeam "SC Ladja Roßdorf"]

1. d4 e6 2. Nd2 d5 3. Ngf3 f5 4. Ne5 Nf6 5. h3 Nbd7 6. e3 Bd6 7. Ndf3 c5 8.
Nxd7 Bxd7 9. dxc5 Qa5+ 10. Bd2 Qxc5 11. Bc3 O-O 12. Ne5 Ba4 13. Nd3 Qc7 14. Rc1
a5 1/2-1/2

[Event "Sparkassen-Open A"]
[Site "Heusenstamm, Martinsee"]
[Date "2017.11.26"]
[Round "6.72"]
[White "Hinrichs, Paul"]
[Black "Krastev, Alexander"]
[Result "0-1"]
[WhiteElo "1844"]
[BlackElo "2027"]
[PlyCount "82"]
[EventDate "2017.??.??"]
[WhiteTeam "SK Bingen"]
[BlackTeam "Biebertaler SF"]

1. d4 Nf6 2. c4 c5 3. d5 g6 4. Nc3 Bg7 5. e4 d6 6. Bd3 O-O 7. Nf3 Bg4 8. h3
Bxf3 9. Qxf3 Nbd7 10. Qe2 a6 11. a4 Re8 12. O-O e6 13. Qc2 exd5 14. cxd5 Qc7
15. b3 Re7 16. Bb2 Rae8 17. Rae1 Nh5 18. Qc1 Qb6 19. Bc2 c4 20. bxc4 Ng3 21. a5
Qa7 22. Na4 Nxf1 23. Bxg7 Kxg7 24. Qb2+ f6 25. Kxf1 Nc5 26. Qd4 Rc8 27. Nb6 Nd7
28. c5 Rxc5 29. Nc8 Qb8 30. Nxe7 Rxc2 31. Qa4 Rc7 32. Qb4 Rc5 33. Rb1 Rb5 34.
Qe1 Rxb1 35. Qxb1 Qc7 36. e5 fxe5 37. Qb4 Nf6 38. Nc8 Qxc8 39. Qxd6 Qc1+ 40.
Ke2 Qc2+ 41. Ke1 Qxf2+ 0-1

[Event "Sparkassen-Open A"]
[Site "Heusenstamm, Martinsee"]
[Date "2017.11.26"]
[Round "6.73"]
[White "Reinecke, Katharina"]
[Black "Trumpp, Lothar"]
[Result "1-0"]
[WhiteElo "1888"]
[BlackElo "2021"]
[PlyCount "89"]
[EventDate "2017.??.??"]
[WhiteTeam "SK Langen"]
[BlackTeam "VSG Offenbach"]

1. d4 Nf6 2. c4 e6 3. g3 Be7 4. Bg2 d6 5. Nc3 Nbd7 6. b3 c6 7. Nf3 O-O 8. O-O
Qc7 9. Bb2 Re8 10. Qc2 Bf8 11. e4 e5 12. Rad1 g6 13. Rfe1 Be7 14. h3 Nh5 15.
Kh2 Ng7 16. Re2 h5 17. Qd2 Bf6 18. Ba3 Be7 19. Bb2 Nf8 20. Ba3 f6 21. dxe5 dxe5
22. Bxe7 Qxe7 23. Qd6 Nfe6 24. Red2 Kf7 25. b4 a5 26. b5 Rd8 27. Qxe7+ Kxe7 28.
Rxd8 Nxd8 29. Nh4 g5 30. Ng6+ Ke8 31. f4 exf4 32. gxf4 Be6 33. fxg5 fxg5 34. c5
Nf7 35. bxc6 bxc6 36. e5 Nd8 37. Ne4 Bxa2 38. Nd6+ Kd7 39. Nf5+ Ke6 40. Nxg7+
Kf7 41. e6+ Kxg7 42. e7 Nb7 43. Bxc6 Kxg6 44. e8=Q+ Rxe8 45. Bxe8+ 1-0

[Event "Sparkassen-Open A"]
[Site "Heusenstamm, Martinsee"]
[Date "2017.11.26"]
[Round "6.74"]
[White "Seehaus, Bernhard"]
[Black "Thomas, Tobias"]
[Result "1/2-1/2"]
[WhiteElo "2008"]
[BlackElo "1879"]
[PlyCount "79"]
[EventDate "2017.??.??"]
[WhiteTeam "Schachforum Darmstadt"]
[BlackTeam "SK Langen"]

1. d3 Nf6 2. c3 g6 3. e4 d6 4. f4 e5 5. Nf3 Nbd7 6. Be2 Bg7 7. O-O O-O 8. Na3
c6 9. fxe5 dxe5 10. Nc2 Re8 11. Kh1 h6 12. Be3 Qc7 13. Qe1 Nf8 14. Qh4 g5 15.
Qe1 Ng6 16. Ng1 Be6 17. g3 c5 18. b3 b5 19. Bf3 Red8 20. Rd1 Rac8 21. Qe2 Qa5
22. d4 cxd4 23. cxd4 Qxa2 24. Rd2 Qxb3 25. d5 Bd7 26. Bxa7 Qc4 27. Bb6 Re8 28.
Rfd1 Qxe2 29. Nxe2 Rc4 30. Ne3 Ra4 31. Nf5 Ne7 32. Nd6 Rea8 33. Bc5 Nc8 34. Nc3
Nxd6 35. Nxa4 Ndxe4 36. Bxe4 Nxe4 37. Nb6 Nxd2 38. Nxa8 Ne4 39. Be3 Kf8 40. d6
1/2-1/2

[Event "Sparkassen-Open A"]
[Site "Heusenstamm, Martinsee"]
[Date "2017.11.26"]
[Round "6.75"]
[White "Rödiger, Thomas"]
[Black "Altenbernd, Dirk"]
[Result "1/2-1/2"]
[WhiteElo "2006"]
[BlackElo "1875"]
[PlyCount "36"]
[EventDate "2017.??.??"]
[WhiteTeam "SC Bad Soden"]
[BlackTeam "SK Tönsberg Oerlinghausen"]

1. d4 g6 2. c4 Bg7 3. Nc3 d6 4. e4 Nc6 5. Be3 e5 6. d5 Nce7 7. Bd3 f5 8. f3 Nf6
9. Nge2 f4 10. Bf2 c5 11. dxc6 bxc6 12. Qc2 Be6 13. O-O-O g5 14. Qa4 O-O 15.
Kb1 Qc7 16. Rc1 Qb7 17. Ka1 Rfb8 18. Rc2 Qb4 1/2-1/2

[Event "Sparkassen-Open A"]
[Site "Heusenstamm, Martinsee"]
[Date "2017.11.26"]
[Round "6.76"]
[White "Reinhold, Günther"]
[Black "Englert, Jon"]
[Result "0-1"]
[WhiteElo "1861"]
[BlackElo "2002"]
[PlyCount "92"]
[EventDate "2017.??.??"]
[WhiteTeam "Frankfurter TV"]
[BlackTeam "TV-Großostheim"]

1. e4 g6 2. d4 Bg7 3. Nf3 d6 4. Be2 Nd7 5. O-O a6 6. c4 e6 7. Nc3 Ne7 8. Be3 h6
9. Qd2 b6 10. Rfd1 Bb7 11. Rac1 g5 12. d5 Ng6 13. Nd4 Bxd4 14. Qxd4 e5 15. Qd3
Nf4 16. Bxf4 gxf4 17. Qh3 Qg5 18. Bg4 Nf6 19. Bf5 O-O 20. Kh1 Bc8 21. Bxc8
Raxc8 22. Rd3 Kh7 23. Rg1 Rg8 24. f3 Qh5 25. Qxh5 Nxh5 26. Ne2 Rg5 27. Rd2 Rcg8
28. h3 f5 29. Nc3 Ng3+ 30. Kh2 fxe4 31. Nxe4 Nxe4 32. fxe4 Rg3 33. Re2 Rd3 34.
Rf1 Rgg3 35. Rff2 Rge3 36. b4 Rd4 37. Rc2 Rexe4 38. c5 bxc5 39. bxc5 Rxd5 40.
Rfd2 Rxd2 41. Rxd2 Rd4 42. Rxd4 exd4 43. cxd6 cxd6 44. Kg1 Kg6 45. Kf2 Kf5 46.
Ke2 Ke4 0-1

[Event "Sparkassen-Open A"]
[Site "Heusenstamm, Martinsee"]
[Date "2017.11.26"]
[Round "6.77"]
[White "Wachsmann, Dietmar"]
[Black "Kail, Sindy"]
[Result "1-0"]
[WhiteElo "1999"]
[BlackElo "1861"]
[PlyCount "55"]
[EventDate "2017.??.??"]
[WhiteTeam "SC Groß-Umstadt"]
[BlackTeam "SK Klingenberg"]

1. e4 c5 2. Nf3 d6 3. d4 cxd4 4. Nxd4 Nf6 5. Nc3 a6 6. Bg5 Nbd7 7. Qe2 e6 8. f4
Be7 9. O-O-O Qc7 10. g4 h6 11. Bh4 b5 12. Bg2 Bb7 13. e5 dxe5 14. fxe5 Ng8 15.
Bxe7 Kxe7 16. Rhf1 Bxg2 17. Qxg2 Rc8 18. Nf5+ Kf8 19. Nd6 Nxe5 20. Nxc8 Qxc8
21. Qe4 Nc4 22. Rd3 Nf6 23. Qd4 Ne8 24. Qa7 f6 25. Rfd1 Qc6 26. Rd8 Kg8 27.
R1d7 Kh7 28. Rxe8 1-0

[Event "Sparkassen-Open A"]
[Site "Heusenstamm, Martinsee"]
[Date "2017.11.26"]
[Round "6.78"]
[White "Angermünde, Dirk"]
[Black "Kirchner, Markus"]
[Result "1-0"]
[WhiteElo "1989"]
[BlackElo "1849"]
[PlyCount "83"]
[EventDate "2017.??.??"]
[WhiteTeam "SF Gerresheim"]
[BlackTeam "SF Schöneck"]

1. e4 e6 2. d4 d5 3. Nd2 Nf6 4. e5 Nfd7 5. Bd3 c5 6. c3 Nc6 7. Ne2 Qb6 8. Nf3
cxd4 9. cxd4 f6 10. exf6 Nxf6 11. O-O Bd6 12. h3 O-O 13. Nc3 Bd7 14. a3 Rae8
15. Be3 a6 16. b4 Qc7 17. Rc1 Qb8 18. Bb1 a5 19. b5 Na7 20. a4 Nc8 21. Re1 Bb4
22. Ne5 Nb6 23. Bg5 Rc8 24. Re3 Be8 25. Rg3 Nc4 26. Bxf6 Rxf6 27. Qg4 Bf8 28.
Qh4 Rf5 29. Bxf5 exf5 30. Nxd5 Nxe5 31. Rxc8 Qxc8 32. dxe5 Bg6 33. Ne7+ Bxe7
34. Qxe7 f4 35. Rg5 f3 36. e6 fxg2 37. Rc5 Qf8 38. Qxf8+ Kxf8 39. Rc8+ Ke7 40.
Rc7+ Kxe6 41. Rxb7 Kd6 42. Rb6+ 1-0

[Event "Sparkassen-Open A"]
[Site "Heusenstamm, Martinsee"]
[Date "2017.11.26"]
[Round "6.79"]
[White "Mager, Thomas"]
[Black "Skarke, Harald"]
[Result "1-0"]
[WhiteElo "1863"]
[BlackElo "1988"]
[PlyCount "89"]
[EventDate "2017.??.??"]
[WhiteTeam "vereinslos"]
[BlackTeam "SF Neuberg"]

1. c4 c5 2. g3 Nc6 3. Bg2 g6 4. Nc3 Bg7 5. e3 d6 6. Nge2 Nf6 7. O-O O-O 8. a3
Rb8 9. Rb1 Ne5 10. d3 Bf5 11. e4 Bg4 12. f4 Nc6 13. h3 Bd7 14. Be3 a6 15. b4 b6
16. Qd2 Qc8 17. Kh2 Re8 18. Nd5 e6 19. Nxf6+ Bxf6 20. d4 Be7 21. d5 exd5 22.
cxd5 Na7 23. g4 Bf6 24. f5 Be5+ 25. Bf4 Bb5 26. Rf2 Bxe2 27. Rxe2 Nb5 28. Rf1
Qd8 29. Ref2 Rb7 30. Kh1 Bxf4 31. Qxf4 Re5 32. Qg3 Nd4 33. h4 Rd7 34. g5 Ra7
35. f6 a5 36. h5 axb4 37. axb4 Qa8 38. hxg6 hxg6 39. Qh4 Ra3 40. Kh2 cxb4 41.
Rh1 b5 42. Kg1 Ra1+ 43. Bf1 Rxg5+ 44. Qxg5 Qa7 45. Rh8+ 1-0

[Event "Sparkassen-Open A"]
[Site "Heusenstamm, Martinsee"]
[Date "2017.11.26"]
[Round "6.80"]
[White "Haack, Kevin"]
[Black "Kalepky, Helmut"]
[Result "1/2-1/2"]
[WhiteElo "1859"]
[BlackElo "1985"]
[PlyCount "34"]
[EventDate "2017.??.??"]
[WhiteTeam "SC Bad Soden"]
[BlackTeam "SF Heidesheim"]

1. c4 e5 2. g3 c6 3. d4 exd4 4. Qxd4 Nf6 5. Bg5 Be7 6. Bg2 O-O 7. Nc3 d5 8.
cxd5 Nxd5 9. Bxe7 Nxe7 10. Nf3 Na6 11. Rd1 Qa5 12. O-O Be6 13. Qh4 Ng6 14. Qg5
Qb4 15. Rd3 h6 16. Qd2 Qe7 17. Nd4 Ne5 1/2-1/2

[Event "Sparkassen-Open A"]
[Site "Heusenstamm, Martinsee"]
[Date "2017.11.26"]
[Round "6.81"]
[White "Kolker, Vladislav"]
[Black "Rüll, Michael"]
[Result "1-0"]
[WhiteElo "1985"]
[BlackElo "1801"]
[PlyCount "71"]
[EventDate "2017.??.??"]
[WhiteTeam "SC Bad Nauheim"]
[BlackTeam "SC Obertshausen"]

1. e4 c5 2. Nf3 Nc6 3. d4 cxd4 4. Nxd4 e5 5. Nb5 d6 6. N1c3 a6 7. Na3 b5 8. Nd5
Be7 9. Be3 Rb8 10. c4 b4 11. Nc2 h6 12. b3 Bg5 13. Qd2 Nf6 14. f3 Nxd5 15. cxd5
Bxe3 16. Qxe3 Ne7 17. Bc4 a5 18. a3 Bd7 19. axb4 axb4 20. O-O Qb6 21. Qxb6 Rxb6
22. Ra8+ Nc8 23. Rfa1 Ke7 24. R1a6 Rb7 25. Kf2 Re8 26. Ke2 Nb6 27. Rxe8+ Bxe8
28. Ne3 Nxc4 29. Nxc4 Bb5 30. Ra2 Rc7 31. Kd3 f6 32. Ra8 Rc5 33. Ra7+ Kf8 34.
Rb7 Kg8 35. Rb8+ Kf7 36. Rxb5 1-0

[Event "Sparkassen-Open A"]
[Site "Heusenstamm, Martinsee"]
[Date "2017.11.26"]
[Round "6.82"]
[White "Bajorski, Marius"]
[Black "Rack, Matthias"]
[Result "0-1"]
[WhiteElo "1843"]
[BlackElo "1984"]
[PlyCount "120"]
[EventDate "2017.??.??"]
[WhiteTeam "SV Hofheim"]
[BlackTeam "SF Neuberg"]

1. e4 d5 2. exd5 Qxd5 3. Nc3 Qd8 4. Bc4 Nf6 5. d3 Nc6 6. Be3 Bg4 7. f3 Bh5 8.
Nge2 e6 9. a3 Be7 10. Qd2 a6 11. O-O-O O-O 12. h4 h6 13. g4 Ne5 14. Rdf1 Nxc4
15. dxc4 Qxd2+ 16. Bxd2 Bg6 17. Nf4 Bh7 18. g5 Nd7 19. Rfg1 e5 20. Ncd5 Bc5 21.
Be3 Bxe3+ 22. Nxe3 h5 23. Ne2 Nc5 24. Rh2 Ne6 25. Rf2 Rad8 26. f4 exf4 27. Nxf4
Nxf4 28. Rxf4 Rfe8 29. Nf5 Bxf5 30. Rxf5 Re4 31. Rgf1 Rd7 32. R5f4 Re2 33. R4f2
Rxf2 34. Rxf2 Rd4 35. Rh2 Rxc4 36. Kd2 Kf8 37. Kd3 Rg4 38. Ke3 Ke7 39. Kf3 Ke6
40. Re2+ Kd6 41. Rh2 c5 42. Ke3 Ke5 43. Kf3 b5 44. Ke3 f5 45. gxf6 gxf6 46. Kf3
a5 47. Re2+ Kd5 48. Rd2+ Rd4 49. Rxd4+ cxd4 50. Kf4 b4 51. axb4 axb4 52. Kf3
Ke5 53. Ke2 Ke4 54. Kd2 f5 55. Ke2 f4 56. Kf2 f3 57. Kf1 Ke3 58. Ke1 f2+ 59.
Kf1 Kf3 60. c3 d3 0-1

[Event "Sparkassen-Open A"]
[Site "Heusenstamm, Martinsee"]
[Date "2017.11.26"]
[Round "6.83"]
[White "Papadopoulos, Ioannis"]
[Black "Gentner, Markus"]
[Result "0-1"]
[WhiteElo "1836"]
[BlackElo "1978"]
[PlyCount "94"]
[EventDate "2017.??.??"]
[WhiteTeam "SV Oberursel"]
[BlackTeam "SC Murrhardt"]

1. e4 c6 2. d4 d5 3. Nc3 dxe4 4. Nxe4 Nf6 5. Nxf6+ gxf6 6. Nf3 Bg4 7. c3 Qc7 8.
Bd3 e6 9. Be3 Bd6 10. h3 Bh5 11. Qc2 Nd7 12. O-O-O O-O-O 13. g4 Bg6 14. Nd2 Nb6
15. c4 Be7 16. Nb3 Kb8 17. f4 Bxd3 18. Rxd3 h5 19. Rdd1 Rdg8 20. Qe2 Rg7 21.
Rdf1 hxg4 22. hxg4 Rhg8 23. Rh4 f5 24. g5 Nc8 25. Rfh1 Bd6 26. Nd2 Qa5 27. Kb1
b5 28. c5 Bc7 29. Nf3 Ne7 30. Bd2 Qa4 31. Ne5 Kb7 32. Be3 Bxe5 33. dxe5 Qe4+
34. Ka1 Ng6 35. R4h2 Rd8 36. Bc1 Qa4 37. Qe3 Rgg8 38. Rh7 Rd7 39. R7h2 Rgd8 40.
Rd2 Rxd2 41. Bxd2 Qc2 42. Bc1 Rd3 43. Qe1 Ne7 44. a3 Nd5 45. Rf1 b4 46. axb4
Qa4+ 47. Kb1 Nxb4 0-1

[Event "Sparkassen-Open A"]
[Site "Heusenstamm, Martinsee"]
[Date "2017.11.26"]
[Round "6.84"]
[White "Köllner, Felicitas Ophelia"]
[Black "Prill, Gerhard"]
[Result "0-1"]
[WhiteElo "1766"]
[BlackElo "1960"]
[PlyCount "60"]
[EventDate "2017.??.??"]
[WhiteTeam "SV Bergneustadt/Derschlag"]
[BlackTeam "SC Heitersheim"]

1. d4 Nf6 2. Bg5 c5 3. Bxf6 gxf6 4. d5 Qb6 5. Qc1 Bg7 6. c4 f5 7. Nc3 d6 8. e3
Nd7 9. Nf3 Nf6 10. Bd3 Bd7 11. Qc2 e6 12. Rb1 Rg8 13. g3 Ng4 14. e4 fxe4 15.
Bxe4 O-O-O 16. Bxh7 Rh8 17. Ng5 Rdf8 18. h4 Bd4 19. Nh3 f5 20. Bg6 Rf6 21. h5
Ne5 22. Ne2 Nxg6 23. hxg6 Rxg6 24. Nef4 Rgh6 25. dxe6 Bxe6 26. Nxe6 Rxe6+ 27.
Kd2 Qb4+ 28. Kd3 Rhe8 29. Qd1 b5 30. Rc1 Re3+ 0-1

[Event "Sparkassen-Open A"]
[Site "Heusenstamm, Martinsee"]
[Date "2017.11.26"]
[Round "6.85"]
[White "Browning, Rebecca"]
[Black "Berberich, Christoph"]
[Result "0-1"]
[WhiteElo "1830"]
[BlackElo "1958"]
[PlyCount "120"]
[EventDate "2017.??.??"]
[WhiteTeam "SG Porz"]
[BlackTeam "SGEM Dreisamtal"]

1. e4 c5 2. d4 cxd4 3. c3 d5 4. exd5 Qxd5 5. Qxd4 Qxd4 6. cxd4 g6 7. Bc4 Bg7 8.
Nf3 Nc6 9. Be3 Bg4 10. Nbd2 e6 11. h3 Bxf3 12. Nxf3 O-O-O 13. Rd1 Na5 14. Be2
Nc6 15. O-O h6 16. Rc1 Kb8 17. Rfd1 Nge7 18. Bb5 a6 19. Ba4 b5 20. Bb3 Kb7 21.
Bc2 Rd7 22. Rd2 Rhd8 23. Rcd1 f5 24. Bb3 Nd5 25. a3 g5 26. Bxd5 Rxd5 27. g3 Na5
28. Re2 Nb3 29. Rde1 g4 30. hxg4 fxg4 31. Nd2 Nxd2 32. Rxd2 e5 33. Rd3 exd4 34.
Bf4 R8d7 35. Re6 h5 36. Bh6 Bxh6 37. Rxh6 R7d6 38. Rh7+ Rd7 39. Rh6 a5 40. Kg2
Rc7 41. Re6 Rc2 42. Re4 Rf5 43. Rf4 Rxf4 44. gxf4 Rxb2 45. Rxd4 Rb3 46. a4 bxa4
47. Rxa4 Kb6 48. Re4 Rb4 49. Re6+ Kb5 50. Re5+ Ka4 51. Rxh5 Rxf4 52. Kg3 Rc4
53. Rh4 Kb3 54. Rh8 a4 55. f4 gxf3 56. Kxf3 a3 57. Rb8+ Rb4 58. Ra8 a2 59. Ke3
Ra4 60. Rb8+ Ka3 0-1

[Event "Sparkassen-Open A"]
[Site "Heusenstamm, Martinsee"]
[Date "2017.11.26"]
[Round "6.86"]
[White "Rothermel, Tim"]
[Black "Wolff, Michael"]
[Result "1/2-1/2"]
[WhiteElo "1756"]
[BlackElo "1951"]
[PlyCount "101"]
[EventDate "2017.??.??"]
[WhiteTeam "SK Langen"]
[BlackTeam "Ford SF Köln"]

1. e4 c5 2. Nf3 Nc6 3. c4 Nf6 4. Nc3 d6 5. Be2 e6 6. O-O Be7 7. d4 cxd4 8. Nxd4
O-O 9. Be3 Nxd4 10. Qxd4 e5 11. Qd2 Ng4 12. Bxg4 Bxg4 13. f3 Be6 14. Nd5 Bxd5
15. Qxd5 Qc7 16. Rac1 b6 17. Rc3 Rac8 18. b4 h6 19. f4 exf4 20. Bxf4 Qc6 21.
Qd2 Bg5 22. Bxg5 hxg5 23. Qe2 Rfe8 24. Qh5 g6 25. Qxg5 Qxe4 26. Rh3 Qe5 27. Qh4
Qg7 28. Rhf3 Rc7 29. Rf6 Rec8 30. Qf2 Re8 31. Rxd6 Rxc4 32. Rd7 Rf8 33. b5 Rc5
34. Qe2 Qe5 35. Qxe5 Rxe5 36. a4 a6 37. bxa6 Ra5 38. a7 Rxa4 39. Rb7 Kg7 40.
Rc1 b5 41. Rcc7 Ra2 42. h3 Kh6 43. Rxb5 Rd8 44. Rxf7 Rdd2 45. g4 Rd1+ 46. Rf1
Rxf1+ 47. Kxf1 Rxa7 48. Re5 Ra2 49. Re2 Ra3 50. h4 Rh3 51. h5 1/2-1/2

[Event "Sparkassen-Open A"]
[Site "Heusenstamm, Martinsee"]
[Date "2017.11.26"]
[Round "6.87"]
[White "Pabel, Ralph"]
[Black "Weiland, Thomas"]
[Result "1-0"]
[WhiteElo "1950"]
[BlackElo "1787"]
[PlyCount "93"]
[EventDate "2017.??.??"]
[WhiteTeam "SK Mainaschaff"]
[BlackTeam "SV Oberursel"]

1. d4 f5 2. g3 Nf6 3. Bg2 g6 4. Nf3 Bg7 5. O-O O-O 6. c4 d6 7. Nc3 c6 8. Rb1
Qe8 9. d5 Bd7 10. Nd4 Na6 11. b4 Nc7 12. dxc6 bxc6 13. b5 c5 14. Nc6 a6 15. a4
axb5 16. axb5 Qf7 17. Qd3 Ne6 18. Nd5 Nxd5 19. Bxd5 Kh8 20. b6 Bxc6 21. Bxc6
Rab8 22. Bd5 Bd4 23. Bb2 Bxb2 24. Rxb2 Qf6 25. Rfb1 f4 26. Qf3 fxg3 27. Qxg3
Ng7 28. Rb3 Nf5 29. Qf4 e5 30. Qf3 Qg5+ 31. Qg2 Qxg2+ 32. Kxg2 Kg7 33. Ra3 Ne7
34. Ra7 Kf6 35. Bf3 h6 36. Rd7 Nf5 37. Kg1 Ke6 38. Ra7 Nd4 39. Bd5+ Kf6 40. Rb2
Rfd8 41. Rf7+ Kg5 42. b7 h5 43. Ra2 Kh6 44. e3 Nf5 45. Ra8 Ng7 46. Rxb8 Rxb8
47. Rc7 1-0

[Event "Sparkassen-Open A"]
[Site "Heusenstamm, Martinsee"]
[Date "2017.11.26"]
[Round "6.88"]
[White "Bethke, Robert"]
[Black "Hagner, Bennet"]
[Result "1/2-1/2"]
[WhiteElo "1929"]
[BlackElo "1715"]
[PlyCount "51"]
[EventDate "2017.??.??"]
[WhiteTeam "SF Neuberg"]
[BlackTeam "Frankfurter TV"]

1. c4 e6 2. Nc3 d5 3. cxd5 exd5 4. d4 c6 5. g3 Bf5 6. Bg2 Nf6 7. Bg5 h6 8. Bxf6
Qxf6 9. e3 Nd7 10. Nge2 Bd6 11. O-O O-O 12. a3 Rfe8 13. b4 b5 14. Qb3 Nb6 15.
Rad1 Nc4 16. a4 a6 17. a5 Rad8 18. h3 Qe6 19. Kh2 Qg6 20. e4 dxe4 21. d5 cxd5
22. Nxd5 Be6 23. Nef4 Qf5 24. Qc2 Bxd5 25. Rxd5 Re5 26. Rfd1 1/2-1/2

[Event "Sparkassen-Open A"]
[Site "Heusenstamm, Martinsee"]
[Date "2017.11.26"]
[Round "6.89"]
[White "Wüstehube, Harry"]
[Black "Poschadel, Andreas Gregor"]
[Result "1/2-1/2"]
[WhiteElo "1923"]
[BlackElo "1477"]
[PlyCount "60"]
[EventDate "2017.??.??"]
[WhiteTeam "Kasseler SK"]
[BlackTeam "Hamelner SV"]

1. e4 e5 2. Nf3 Nc6 3. Bb5 a6 4. Bxc6 dxc6 5. O-O Bd6 6. d4 exd4 7. Qxd4 f6 8.
Be3 Ne7 9. Nbd2 Be6 10. Qc3 O-O 11. Nc4 Nc8 12. Nxd6 Nxd6 13. Nd2 a5 14. f3 Nb5
15. Qc5 Qd7 16. Rfd1 b6 17. Qh5 Qe7 18. Qh4 Qf7 19. a3 Rad8 20. Nf1 Rd7 21. Qe1
Rfd8 22. Rxd7 Qxd7 23. Rc1 c5 24. c3 Na7 25. Qd2 Qe7 26. Qe2 Bc8 27. Rd1 Nc6
28. Rxd8+ Qxd8 29. Qd2 Qxd2 30. Nxd2 Be6 1/2-1/2

[Event "Sparkassen-Open A"]
[Site "Heusenstamm, Martinsee"]
[Date "2017.11.26"]
[Round "6.90"]
[White "Besancon, Pascal"]
[Black "Kornitzky, Tino"]
[Result "1/2-1/2"]
[WhiteElo "1691"]
[BlackElo "1922"]
[PlyCount "83"]
[EventDate "2017.??.??"]
[WhiteTeam "SK Weida"]
[BlackTeam "SC Erlangen"]

1. e4 d5 2. exd5 Qxd5 3. Nc3 Qd8 4. d4 g6 5. Nf3 Bg7 6. Bc4 Nh6 7. Ne4 Nf5 8.
c3 O-O 9. Bf4 Nd6 10. Nxd6 cxd6 11. O-O d5 12. Bd3 Bg4 13. h3 Bxf3 14. Qxf3 e6
15. Qe2 Nc6 16. Rfe1 Rc8 17. Qd2 Re8 18. Re3 a6 19. Rae1 Qa5 20. b4 Qa3 21. h4
h5 22. Rb1 Na7 23. Rb3 Qa4 24. b5 Nxb5 25. Bxb5 axb5 26. Qb2 Ra8 27. Rxb5 Qd1+
28. Kh2 Qg4 29. g3 Bf6 30. Bc7 Qf5 31. Rxb7 Rec8 32. Rb8 Kg7 33. Rxa8 Rxa8 34.
Be5 Ra7 35. Kg2 Bxe5 36. Rxe5 Qd3 37. Re2 Rc7 38. Re3 Qc4 39. Qb3 Qa6 40. Qb2
Rb7 41. Qc2 Qc4 42. Qe2 1/2-1/2

[Event "Sparkassen-Open A"]
[Site "Heusenstamm, Martinsee"]
[Date "2017.11.26"]
[Round "6.91"]
[White "Reichel, Günther"]
[Black "Lotz, Ralf"]
[Result "0-1"]
[WhiteElo "1740"]
[BlackElo "1910"]
[PlyCount "59"]
[EventDate "2017.??.??"]
[WhiteTeam "SC-SF Stockstadt"]
[BlackTeam "SC Obertshausen"]

1. c4 Nf6 2. Nc3 g6 3. g3 Bg7 4. Bg2 c6 5. Nf3 d5 6. cxd5 cxd5 7. d4 h6 8. O-O
O-O 9. Qb3 Nc6 10. Bf4 g5 11. Be5 e6 12. Bxf6 Bxf6 13. e3 Na5 14. Qc2 Nc4 15.
Nd2 Nd6 16. Rac1 b6 17. Qa4 a5 18. Qd1 Ba6 19. Re1 Rc8 20. f4 gxf4 21. Qg4+ Kh7
22. Qxf4 Bg5 23. Qf2 f5 24. Nf3 Bf6 25. Ne2 Ne4 26. Qf1 Qd7 27. Ne5 Bxe5 28.
dxe5 Rxc1 29. Rxc1 Rc8 30. Bf3 0-1

[Event "Sparkassen-Open A"]
[Site "Heusenstamm, Martinsee"]
[Date "2017.11.26"]
[Round "6.92"]
[White "Bachmann, Nick"]
[Black "Müdder, Rafael"]
[Result "1/2-1/2"]
[WhiteElo "1839"]
[BlackElo "2067"]
[PlyCount "36"]
[EventDate "2017.??.??"]
[WhiteTeam "SG Wächtersbach"]
[BlackTeam "SG Solingen"]

1. e4 c5 2. c3 d5 3. exd5 Qxd5 4. d4 Nc6 5. Nf3 Bf5 6. Be2 cxd4 7. cxd4 Bxb1 8.
Rxb1 e6 9. O-O Nf6 10. Bg5 Be7 11. b4 a6 12. b5 axb5 13. Rxb5 Qd6 14. Rxb7 O-O
15. Qb1 Rfb8 16. Rc1 Nb4 17. Rcc7 Rxb7 18. Rxb7 Rxa2 1/2-1/2

[Event "Sparkassen-Open A"]
[Site "Heusenstamm, Martinsee"]
[Date "2017.11.26"]
[Round "6.93"]
[White "Günther, Andreas"]
[Black "Engel, Jan"]
[Result "0-1"]
[WhiteElo "1991"]
[BlackElo "1830"]
[PlyCount "52"]
[EventDate "2017.??.??"]
[WhiteTeam "SG Wächtersbach"]
[BlackTeam "Frankfurter TV"]

1. d4 d5 2. Bf4 Nf6 3. e3 c5 4. c3 Nc6 5. Nd2 g6 6. Ngf3 Bg7 7. dxc5 a5 8. Ne5
Nd7 9. Nxd7 Bxd7 10. Nf3 e5 11. Bg5 f6 12. Bh4 g5 13. Bg3 Be6 14. Bb5 O-O 15.
Nd2 Qe7 16. Bxc6 bxc6 17. b4 f5 18. f3 f4 19. Bf2 axb4 20. cxb4 e4 21. Rb1 fxe3
22. Bxe3 exf3 23. Nxf3 Bc3+ 24. Kf2 g4 25. Rg1 Rxa2+ 26. Kf1 Bc8 0-1

[Event "Sparkassen-Open A"]
[Site "Heusenstamm, Martinsee"]
[Date "2017.11.26"]
[Round "6.94"]
[White "Fröhlich-Dill, Astrid"]
[Black "Feicht, Arno"]
[Result "1-0"]
[WhiteElo "1830"]
[BlackElo "1988"]
[PlyCount "95"]
[EventDate "2017.??.??"]
[WhiteTeam "SV Hofheim"]
[BlackTeam "SV Alsfeld"]

1. d4 Nf6 2. c4 g6 3. Nc3 Bg7 4. e4 d6 5. f3 O-O 6. Be3 c5 7. d5 a6 8. Qd2 Nbd7
9. Nge2 Ne5 10. Ng3 h5 11. h4 Kh7 12. Be2 Ng8 13. O-O Bh6 14. f4 Ng4 15. Bxg4
Bxg4 16. f5 Bxe3+ 17. Qxe3 Nf6 18. e5 dxe5 19. Qxe5 Qd6 20. Qe3 gxf5 21. Nxf5
Bxf5 22. Rxf5 Qh2+ 23. Kxh2 Ng4+ 24. Kg1 Nxe3 25. Rxh5+ Kg6 26. Rg5+ Kh6 27.
Re1 f6 28. Rg3 Nxc4 29. Rxe7 Rg8 30. Rxg8 Rxg8 31. b3 Ne5 32. d6 Rd8 33. Re6
Kg6 34. Ne4 Kf7 35. Nxc5 b6 36. Nb7 Kxe6 37. Nxd8+ Kxd6 38. h5 Kd7 39. Nb7 Kc7
40. Kf2 Kxb7 41. Ke3 Ng4+ 42. Ke4 Kc6 43. Kf5 Ne3+ 44. Kxf6 Kd6 45. h6 Ng4+ 46.
Kg7 Nxh6 47. Kxh6 Ke5 48. g4 1-0

[Event "Sparkassen-Open A"]
[Site "Heusenstamm, Martinsee"]
[Date "2017.11.26"]
[Round "6.95"]
[White "Deutsch, Christoph"]
[Black "Becker, Peter"]
[Result "1-0"]
[WhiteElo "1788"]
[BlackElo "1952"]
[PlyCount "117"]
[EventDate "2017.??.??"]
[WhiteTeam "SK Gründau"]
[BlackTeam "SF Schöneck"]

1. e4 d6 2. d4 Nf6 3. Nc3 a6 4. Be3 Ng4 5. Bf4 Nf6 6. Be3 Ng4 7. Bf4 c6 8. Nf3
Qa5 9. Be2 b5 10. O-O Nd7 11. Ng5 b4 12. Bxg4 bxc3 13. b3 f6 14. Ne6 Kf7 15. d5
Ne5 16. Bxe5 dxe5 17. a4 g6 18. Nxf8 Rxf8 19. dxc6 Bxg4 20. Qxg4 e6 21. Rad1
Rad8 22. Qf3 Rd2 23. Rxd2 cxd2 24. Rd1 Rd8 25. Qe2 Qc3 26. c7 Qxc7 27. Rxd2 Rd4
28. Kf1 Qc3 29. Rxd4 exd4 30. Qd3 Qc6 31. f3 Kg7 32. Ke2 e5 33. Qc4 Qb6 34. b4
f5 35. Qc5 Qf6 36. exf5 Qxf5 37. Qe7+ Kh6 38. Qh4+ Kg7 39. Qe4 Qg5 40. g3 Qe7
41. b5 axb5 42. axb5 Qc5 43. Qc6 Qa3 44. Qc7+ Kf8 45. Qxe5 Qc3 46. Qf6+ Kg8 47.
Qd8+ Kg7 48. Qe7+ Kh6 49. Qe4 Qc5 50. Qd3 Kg7 51. Kf2 h5 52. h4 Kf6 53. Kg2 Kg7
54. Qb3 Qe5 55. Kf2 Qc5 56. Kg2 Qe5 57. Qc4 Qe3 58. Qd3 Qe5 59. b6 1-0